| 000 | 00638nam a2200241Ia 4500 | ||
|---|---|---|---|
| 008 | 180523s9999 xx 000 0 und d | ||
| 020 | _a981-232-304-X | ||
| 050 | _aMAIN F 1208.5 | ||
| 050 | _b.R45 2002 | ||
| 100 | _aReilly, Mary Jo. | ||
| 245 | 0 | _aMexico / | |
| 245 | 0 | _cMary Jo Reilly, Leslie Jermyn. | |
| 260 | _aSingapore : | ||
| 260 | _bTimes Books, | ||
| 260 | _c2002 | ||
| 300 | _a144 pages : | ||
| 300 | _bcolored illustrations ; | ||
| 300 | _c23 cm. | ||
| 440 | _aCultures of the world. | ||
| 500 | _aIncludes bibliographical references and index. | ||
| 650 | _aMexico. | ||
| 650 | _xMexico -- Juvenile works. | ||
| 999 |
_c356619 _d356619 |
||